000
00353 a2200169 4500
001
186967
020
_a
040
_c
Magnum
100
_a
Santos, Jorge Fernando Dos
240
1
0
_a
O menino e a rolinha
_l
por
245
1
0
_a
O menino e a rolinha
300
_a
15
362
0
_a
1986
440
1
_a
LĂȘ
697
_a
LITERATURA INFANTO
942
_c
BK
999
_c
186967
_d
186967